Internet de las Cosas (IoT) con Arduino. Manual práctico.
Saved in:
| Main Author: | |
|---|---|
| Format: | Book |
| Language: | Spanish |
| Published: |
Madrid, España:
Ediciones Paraninfo,
2019.
|
| Edition: | 1a. edición. |
| Subjects: | |
| Tags: |
Add Tag
No Tags, Be the first to tag this record!
|
MARC
| LEADER | 00000cam a2200000 a 4500 | ||
|---|---|---|---|
| 001 | UCB0289 | ||
| 003 | CL-VaPUC | ||
| 005 | 20250321101912.0 | ||
| 008 | 191227t20190000sp spa d | ||
| 999 | |c 375936 |d 375934 | ||
| 020 | |a 978-84-283-4186-8 | ||
| 040 | |c Pontificia Universidad Católica de Valparaíso | ||
| 082 | 0 | 4 | |a 004 PIZ 2019 |2 21 |
| 100 | |a Pizarro Peláez, Jesús |e autor |9 604873 | ||
| 245 | 1 | 0 | |a Internet de las Cosas (IoT) con Arduino. |b Manual práctico. |
| 250 | |a 1a. edición. | ||
| 260 | |a Madrid, España: |b Ediciones Paraninfo, |c 2019. | ||
| 300 | |a xii, 140 páginas: |b ilustraciones. | ||
| 500 | |a c.6: Instituto Arcos. 08-01-2025 | ||
| 583 | |a last modification |c 20191227 14:41:00 |k cmena | ||
| 650 | 0 | 0 | |a Internet de las cosas (IoT) |x Sistemas inalámbricos |x Conectividad |9 604920 |
| 650 | 0 | 0 | |a Internet de las cosas (IoT) |x Sotwares |x Arduino |9 604920 |
| 650 | 0 | 0 | |a Internet |9 254823 |x Interfaces y comunicaciones |x Sistemas de control |
| 942 | |c BK |2 ddc |n 0 | ||
| 945 | |a dcastane |d 20191227 14:41:00 | ||
| 952 | |0 0 |1 0 |2 ddc |3 erb |4 0 |6 004_000000000000000_PIZ_2019 |7 0 |9 495102 |a BIBING |b BIBING |c GEN |i 5570247 |o 004 PIZ 2019 |p 5570247 |r 2024-01-25 |y BK |z Catalogado en:20191227 |k CCI | ||
| 952 | |0 0 |1 0 |2 ddc |3 erb |4 0 |6 004_000000000000000_PIZ_2019 |7 0 |9 495103 |a BIBING |b BIBING |c GEN |i 5570255 |o 004 PIZ 2019 |p 5570255 |r 2024-01-25 |y BK |z Catalogado en:20191227 |k CCI | ||
| 952 | |0 0 |1 0 |2 ddc |3 erb |4 0 |6 004_000000000000000_PIZ_2019 |7 0 |9 495104 |a BIBING |b BIBING |c GEN |i 5570239 |o 004 PIZ 2019 |p 5570239 |r 2024-01-25 |y BK |z Catalogado en:20191227 |k CCI | ||
| 952 | |0 0 |1 0 |2 ddc |3 erb |4 0 |6 004_000000000000000_PIZ_2019 |7 0 |9 495105 |a BIBING |b BIBING |c GEN |i 5570263 |o 004 PIZ 2019 |p 5570263 |r 2024-01-25 |y BK |z Catalogado en:20191227 |k CCI | ||
| 952 | |0 0 |1 0 |2 ddc |3 erb |4 0 |6 004_000000000000000_PIZ_2019 |7 0 |9 495106 |a BIBING |b BIBING |c GEN |i 5570220 |o 004 PIZ 2019 |p 5570220 |r 2024-01-25 |y BK |z Catalogado en:20191227 |k CCI | ||
| 952 | |0 0 |1 0 |2 ddc |4 0 |6 004_000000000000000_PIZ_2019 |7 0 |8 A |9 599729 |a BIBINC |b BIBINC |d 2025-01-22 |e Instituto Arcos |i 5664511 |o 004 PIZ 2019 |p 5664511 |r 2025-01-22 |t 6 |w 2025-01-22 |y BK |k IFP | ||